|
|
|
|
| LEADER |
00000nab a2200000 a 4500 |
| 001 |
vtls011609525 |
| 003 |
SK-MaSNL |
| 005 |
20260319070954.0 |
| 008 |
170207|2017 xo w| 000 0|hun |
| 015 |
|
|
|a SNBRB2017/02
|
| 038 |
|
|
|a DSZK
|
| 040 |
|
|
|a DSZK
|b slo
|c DSZK
|e AACR2
|
| 041 |
|
|
|a hun
|a slo
|
| 044 |
|
|
|a xo
|c SK
|
| 080 |
|
|
|a 785.16.071(437.612)
|2 2011
|
| 100 |
1 |
|
|a Bárány, János,
|d 1966-
|4 aut
|9 361125
|
| 245 |
1 |
0 |
|a Már esküvőben is játsszák az egyik dalukat
|c Bárány János
|
| 300 |
|
|
|b Fotogr.
|
| 610 |
2 |
7 |
|a Arizóna (hudobná skupina)
|2 dszk
|9 1090086
|
| 650 |
0 |
7 |
|a hudobné skupiny
|2 SNKPH
|9 3429
|
| 651 |
|
7 |
|a Dunajská Streda (Slovensko)
|2 SNKPH
|9 17375
|
| 773 |
0 |
|
|t Csallóköz=Žitný ostrov
|g Évf. 57, sz. 6 (2017), o. 20
|x 1336-3638
|
| 852 |
|
|
|a DSZK
|b KIS3GCP
|
| 856 |
|
|
|a http://www.csallokoz.sk
|
| 958 |
|
|
|a SK
|
| 958 |
|
|
|a HU
|
| 999 |
|
|
|c 1792921
|d 1794851
|